MECHANICS (Record no. 36052)
[ view plain ]
| 000 -LEADER | |
|---|---|
| fixed length control field | 00347nam a22001577a 4500 |
| 003 - CONTROL NUMBER IDENTIFIER | |
| control field | OSt |
| 005 - DATE AND TIME OF LATEST TRANSACTION | |
| control field | 20240322155145.0 |
| 008 - FIXED-LENGTH DATA ELEMENTS--GENERAL INFORMATION | |
| fixed length control field | 170803b xxu||||| |||| 00| 0 eng d |
| 020 ## - INTERNATIONAL STANDARD BOOK NUMBER | |
| International Standard Book Number | 978-8124104989 |
| 040 ## - CATALOGING SOURCE | |
| Transcribing agency | SEROSOFT |
| 100 ## - MAIN ENTRY--PERSONAL NAME | |
| Personal name | DR.MITTAL ,P.K |
| 245 ## - TITLE STATEMENT | |
| Title | MECHANICS |
| 260 ## - PUBLICATION, DISTRIBUTION, ETC. | |
| Place of publication, distribution, etc. | DELHI |
| Name of publisher, distributor, etc. | S J PUB |
| Date of publication, distribution, etc. | 2003 |
| 300 ## - PHYSICAL DESCRIPTION | |
| Extent | 178 |
| 942 ## - ADDED ENTRY ELEMENTS (KOHA) | |
| Source of classification or shelving scheme | |
| Koha item type | General Book |
| Withdrawn status | Lost status | Source of classification or shelving scheme | Damaged status | Not for loan | Home library | Current library | Date acquired | Source of acquisition | Coded location qualifier | Cost, normal purchase price | Total Checkouts | Full call number | Barcode | Date last seen | Price effective from | Koha item type |
|---|---|---|---|---|---|---|---|---|---|---|---|---|---|---|---|---|
| IIMT University Central Library Meerut | IIMT University Central Library Meerut | 08/03/2017 | 127 ENGG LIBRARY | APPLIED SC | 130.00 | 631 MIT | 01-B-122291 | 08/03/2017 | 08/03/2017 | Book Bank |

